Výroční zpráva Československé obchodní a průmyslové komory za rok 1986

Salvato in:
Dettagli Bibliografici
Natura: Libro
Lingua:ceco
Pubblicazione: Praha Československá obchodní a průmyslová komora 1987
Edizione:1. vyd.
Tags: Aggiungi Tag
Nessun Tag, puoi essere il primo ad aggiungerne!!

MARC

LEADER 00000nam a2200000 4500
001 c024160
005 20250526110725.4
041 0 |a cze 
044 |a CZ 
245 1 0 |a Výroční zpráva Československé obchodní a průmyslové komory za rok 1986 
250 |a 1. vyd. 
264 1 |a Praha  |b Československá obchodní a průmyslová komora  |c 1987 
300 |a 146 s.